000 01115nam a2200253Ia 4500
999 _c52503
_d52503
001 19526
003 GE_BSU
005 20200221151425.0
008 181216s1973||||ge |||||||||||||| ||geo||
040 _cGE_BSU
041 _ageo
080 _a811.353.1'282'373 გ-97
100 _aგურგენიძე, ნ.
_94723
245 _aაღმოსავლური წარმოშობის ლექსიკური ელემენტები აჭარულსა და გურულში /
_cნ. გურგენიძე ; რედ. ს. ჯიქია
264 _aთბილისი :
_bმეცნიერება,
_c1973.
300 _a170 გვ. ;
_c21 სმ.
541 _h1ლ.66თ.
653 _aდიალექტოლოგია
653 _aქართული ენის დიალექტების ლექსიკა
653 _aაჭარული დიალექტი
653 _aგურული დიალექტი
700 _aჯიქია, ს.
_eრედაქტორი
_91028
942 _cBK
_2udc